| 000 | 00795nam a22002537a 4500 | ||
|---|---|---|---|
| 005 | 20170123162318.0 | ||
| 010 | _aA-062082 | ||
| 020 | _c00.00 | ||
| 035 | _aA-062082 | ||
| 037 | _bCen Lib/Ret | ||
| 040 |
_aDPL _bUR |
||
| 082 |
_a841 _bج و ش |
||
| 100 |
_aخوش میلح آبادی _9615 |
||
| 245 |
_aفکرو نشاط / _cخوش میلح آبادی |
||
| 246 |
_aFakhr-o-nishat / _bby Khosh Mila Aaabadi |
||
| 260 |
_aممبئی _bکتب خانہ _c[s.n.] |
||
| 270 |
_aتاج آفس محمّد عملی روڈ _bممبئی |
||
| 300 |
_a116p. _c21cm(Hb) |
||
| 650 |
_a ادب - اردو _9115768 |
||
| 650 |
_a اردوشاعری _9115769 |
||
| 650 |
_aLiterature -- Urdu _9115770 |
||
| 650 |
_aUrdu poetry _9115771 |
||
| 942 |
_2ddc _cUR _h841 _mج و ش |
||
| 999 |
_c106868 _d106868 |
||